The Electron Capture Detector and the Study of Reactions with Thermal Electrons / (Record no. 176975)

000 -LEADER
fixed length control field 01923 a2200277 4500
003 - CONTROL NUMBER IDENTIFIER
control field Nust
005 - DATE AND TIME OF LATEST TRANSACTION
control field 20220802130458.0
010 ## - LIBRARY OF CONGRESS CONTROL NUMBER
LC control number 2003023101
020 ## - INTERNATIONAL STANDARD BOOK NUMBER
International Standard Book Number 0471326224 (cloth)
035 ## - SYSTEM CONTROL NUMBER
System control number (OCoLC)ocm53331620
040 ## - CATALOGING SOURCE
Transcribing agency Nust
082 00 - DEWEY DECIMAL CLASSIFICATION NUMBER
Classification number 543.85,CHE
100 1# - MAIN ENTRY--PERSONAL NAME
Personal name Chen, E. C. M.
9 (RLIN) 96278
245 14 - TITLE STATEMENT
Title The Electron Capture Detector and the Study of Reactions with Thermal Electrons /
Statement of responsibility, etc. E.C.M. Chen, E.S.D. Chen.
260 ## - PUBLICATION, DISTRIBUTION, ETC.
Place of publication, distribution, etc. Hoboken, N.J. :
Name of publisher, distributor, etc. Wiley-Interscience,
Date of publication, distribution, etc. c2004.
300 ## - PHYSICAL DESCRIPTION
Extent xvi, 399 p. :
Other physical details ill. ;
Dimensions 25 cm.
505 ## - FORMATTED CONTENTS NOTE
Formatted contents note Scope and History of The Electron (Page-1), Definitions, Nomenclature, Reactions, and Equations (Page-8), Thermal Electron Reactions at the University of Houston Thermal Electron Reactions at the University of Houston Thermal Electron Reactions at the University of Houston (Page-22), Theoretical Basis of the Experimental Tools (Page-47), Experimental Procedures and Data Reduction (Page-75), Complementary Experimental and Theoretical Procedures (Page-103), Consolidating Experimental, Theoretical, and Empirical Data (Page-139), Selection, Assignment, and Correlations of Atomic Electron Affinities (Page-168), Diatomic and Triatomic Molecules and Sulfur Fluorides (Page-193), Negative Ions of Organic Molecules (Page-234), Thermal Electrons and Environmental Pollutants (Page-266), Biologically Significant Molecules (Page-296),
650 #0 - SUBJECT ADDED ENTRY--TOPICAL TERM
Topical term or geographic name entry element Electrons
General subdivision Capture.
9 (RLIN) 96279
650 #0 - SUBJECT ADDED ENTRY--TOPICAL TERM
Topical term or geographic name entry element Gas chromatography.
9 (RLIN) 6349
700 1# - ADDED ENTRY--PERSONAL NAME
Personal name Chen, E. S. D.
9 (RLIN) 96280
856 42 - ELECTRONIC LOCATION AND ACCESS
Materials specified Book review (E-STREAMS)
Uniform Resource Identifier <a href="http://www.e-streams.com/es0710/es0710_3593.html">http://www.e-streams.com/es0710/es0710_3593.html</a>
856 42 - ELECTRONIC LOCATION AND ACCESS
Materials specified Contributor biographical information
Uniform Resource Identifier <a href="http://www.loc.gov/catdir/enhancements/fy0614/2003023101-b.html">http://www.loc.gov/catdir/enhancements/fy0614/2003023101-b.html</a>
856 42 - ELECTRONIC LOCATION AND ACCESS
Materials specified Publisher description
Uniform Resource Identifier <a href="http://www.loc.gov/catdir/description/wiley041/2003023101.html">http://www.loc.gov/catdir/description/wiley041/2003023101.html</a>
856 42 - ELECTRONIC LOCATION AND ACCESS
Materials specified Table of contents only
Uniform Resource Identifier <a href="http://www.loc.gov/catdir/toc/wiley041/2003023101.html">http://www.loc.gov/catdir/toc/wiley041/2003023101.html</a>
942 ## - ADDED ENTRY ELEMENTS (KOHA)
Source of classification or shelving scheme
Koha item type Reference
Holdings
Withdrawn status Lost status Source of classification or shelving scheme Damaged status Not for loan Permanent Location Current Location Shelving location Date acquired Full call number Barcode Date last seen Price effective from Koha item type Public note
          Military College of Signals (MCS) Military College of Signals (MCS) Reference 12/12/2016 543.85,CHE MCS31541 12/08/2016 12/12/2016 Reference Almirah No.20, Shelf No.1
© 2023 Central Library, National University of Sciences and Technology. All Rights Reserved.